00461 2200169 4500245009200000020002200092250000900114100001700123700002800140700002100168005001900189260002700208041001400235084000800249300002500257336000900282 aS. Sudjojono b : Cerita tentang Saya dan Orang-orang Sekitar SayacS. SudjojonohText a987-602-424-307-4 a2017 aS. Sudjojono aTheresia Slamet Katoppo aWendie Artswenda a20240904130335 bSudjojono Centerc2017 aIndonesia a92s a408 hlm. :c19,5 cm. atext